000 00566nam a2200193Ia 4500
005 20250508160054.0
008 008 250505s9999 xx 000 0 eng d
037 _aTextual
040 _aFEDL
_beng
_cFEDL
041 _aeng
_2eng
084 _a370.1, BEN
_qFEDL
100 _aBenjamin Harold Ed.
_9757764
245 0 _aDemocracy in the administration of higher education
260 _aNew York, USA
_bHarper and Brothers
_c1950
300 _ax,240p
650 _aEducation - Philosophy
942 _cTEXL
_h370.1, BEN
999 _c1361501
_d1361501